| 000 | 04453nam a22003137a 4500 | ||
|---|---|---|---|
| 005 | 20140903174916.0 | ||
| 008 | 130730s1880 fr ||||fr|||| 00| 0 fre d | ||
| 040 |
_cSandra Yazo _dSandra Yazo |
||
| 041 | 1 | _afre | |
| 082 | 0 | 4 |
_220 _a340.54 |
| 092 | _aE28N034 | ||
| 100 | 1 |
_aJhering, Rudolf von _d1818-1892 _939134 |
|
| 242 | 0 | 0 |
_aEstudios complementarios del Espíritu del Derecho Romano. _bI sobre la falta en el derecho privado. Fragmento histórico _cpor R. von Jhering... ; Traducido, con permiso del autor por O. de Meulenaere _yspa |
| 245 | 1 | 0 |
_aÉtudes complémentaires de l’Esprit du Droit Romain _bI De la faute en droit privé. Fragment historique _cpar R. von Jhering ... ; Traduit avec l’autorisation de l’auteur par O. de Meulenaere |
| 260 |
_aParís _bA Marescq, A?né _c1880 |
||
| 300 |
_a3 v. (83 ; 207 ; 418 p.) _c23 x15 cm. |
||
| 500 | _aDetalles físicos: Encuadernación rígida (holandesa) en cartón forrado en papel. Tapas con residuos de cinta y bordes deteriorados. Lomo en piel de color con letras y adornos dorados, nervaduras sobre costuras. Guardas en papel de agua fino. Hoja de cortesía. Anteportada. Portada sencilla, impresa con diversos tipos de letra. Texto muy bien impreso, en una sola columna, sobre papel de calidad. Notas de pie de página. Márgenes amplios. Conserva la cinta para señalar la lectura. Papel algo manchado. Huellas de cintas pegantes en las tapas. Algunos rayones y anotaciones en lápiz de color. En la hoja de cortesía un sello de tinta: “El Colegio de Nuestra Señora del Rosario”. En la portada varios sello de tinta: “LIBRERÍA AMERICANA. J.V. Concha. Bogotá”, “Doctor Alejandro Motta. Abogado. Calle 19 n° 68” y “Colegio Mayor Rosario. BIBLIOTECA”. V.2: En la página 207, emblema o marca del editor-impresor | ||
| 505 | 2 | _aV.1: Sobre la falta en el derecho privado: Nociones introductorias. ; El ámbito de acción y la forma de realización del concepto de falta en el nuevo derecho. ; Desarrollo interno de la teoría de la falta. ; Acciones delictuosas: niños, locos y animales. ; Actos motivados en la necesidad. ; Los sucesores del autor de los daños. ; Acciones contractuales. ; Acciones in rem. ; Grados en las faltas. ; El equilibrio entre la culpabilidad y la reparación. ; Atenuación de las penas -- Apéndice: Consideración del tema por el derecho griego. ; El tema en el antiguo derecho noruego. ; El tema en el antiguo derecho germano... | |
| 505 | 2 | _aV.2: Fundamentos de las interdicciones posesorias. ; Vistazo general. ; Prohibición de la violencia como fundamento de las interdicciones posesorias. ; Falta de protección de la detentio alieno nomine. ; Falta de protección de la posesión de aquellas que no son susceptibles de ella o de las personas incapaces de posesión. ; Protección de la posesión del posesor injusto o del poseedor de mala fe. ; Inexistencia de naturaleza delictuosa en las interdicciones posesorias. ; Condiciones tendientes a la restitución de la posesión -- Las teorías relativas: La teoría de Thibaut. ; La opinión de Röder. ; Probabilidad de la propiedad -- Las teorías absolutas: Teorías de la voluntad. ; La teoría de Stahl. ; La posesión es una posición avanzada de la propiedad. ; Medios de protección de la posesión. ; Las interdicciones para retener la posesión. ; Las interdicciones para recuperar la posesión... | |
| 505 | 2 | _aV.3: Sobre el papel de la voluntad en la posesión: Anotaciones preliminares sobre terminología. ; Propósito de la obra. ; Distinción entre la relación posesoria y la sola relación de lugar. ; Sobre la condición de la voluntad en la posesión. ; Relaciones entre detención y posesión, según las dos teorías. ; Construcción dialéctica de la teoría subjetiva. ; La teoría subjetiva ante la historia. ; Desarrollo histórico de la noción de detención: en el procedimiento, en la legislación, en la enseñanza. ; Vistazo a la historia de la doctrina. ; El animus possidendi de Paulo. ; Crítica intrínseca de la teoría subjetiva. ; Teoría de los juristas romanos. ; Teleología de la posesión derivada... | |
| 506 | _aConsulta en sala | ||
| 546 | _aTexto en francés | ||
| 650 | 7 |
_9437 _aDerecho privado |
|
| 650 | 7 |
_aDerecho civil _941746 |
|
| 650 | 7 |
_aDerecho romano _941745 |
|
| 690 | _aDerecho | ||
| 700 | 1 |
_aMeulenaere, Octave de _d1840-19?? _etraductor _941747 |
|
| 942 |
_cLIBRO _e1 _2DEWEY _h340.54 |
||
| 999 |
_c171850 _d171850 |
||